=LDR 00000nam 2200000 4500 =001 INLIS000000000034805 =005 20160905123604.0 =006 =007 =008 ind =035 ##$$0010-061300000034805 =041 ##$$a ind =082 ##$$a 372.6 =090 ##$$a 372.6, Nik k =100 ##$$a NIKMATILLAH, Alifatun =245 ##$$a Konsonan rangkap, Alifatun Nikmatillah =260 ##$$a Solo $b PT. Tiga Serangkai $c 2008 =300 ##$$a 28 hlm, ilus, 24 cm =650 ##$$a Bahasa dan Kesusastraan =850 ##$$a NBPNMAT